Valores para el ejercicio profesional Guías did cticas / Juan Gerardo Garza Treviño (Registro nro. 24266)
[ vista simple ]
| 000 -LÍDER | |
|---|---|
| fixed length control field | 00468nam a2200133 4500 |
| 020 ## - NÚMERO INTERNACIONAL NORMALIZADO PARA LIBROS | |
| ISBN | 978-970-104615-9, 970-10-4615-3 |
| 050 ## - SIGNATURA TOPOGRAFICA DE LA BIBLIOTECA DEL CONGRESO (LC) | |
| Número de Clasificación | HF5387 G379 2004 |
| 082 ## - NUMERO DE CLASIFICACION DECIMAL DEWEY | |
| Número de Clasificación | 658.406 G37v 2004 |
| 100 ## - ASIENTO PRINCIPAL--NOMBRE PERSONAL | |
| Nombre personal | Garza Treviño, Juan Gerardo |
| 245 ## - TÍTULO | |
| Título | Valores para el ejercicio profesional Guías did cticas / Juan Gerardo Garza Treviño |
| 260 ## - PUBLICACIÓN, DISTRIBUCIÓN, ETC. (PIE DE IMPRENTA) | |
| Lugar de publicación, distribución, etc. | México : Mcgraw- Hill |
| 300 ## - DESCRIPCIÓN FÍSICA | |
| Extensión | xx, 390 p. / 27 cm. |
| 650 ## - ASIENTO SECUNDARIO DE MATERIA - TERMINO TEMÁTICO | |
| Término temático o nombre geográfico como elemento de entrada | 1. ETICA PROFESIONAL \ 2. VALORES ( FILOSOFIA ) \ 3. ETICA |
| No. biblioteca | No. biblioteca | Número de clasificación | Código de barras/Número de adquisición | Número de copia | Tipo de material | Otras carreras |
|---|---|---|---|---|---|---|
| AREA DE ADMINISTRACIÓN | AREA DE ADMINISTRACIÓN | 658.406 G37v 2004 | 49349 | 1 | Libros | |
| AREA DE ADMINISTRACIÓN | AREA DE ADMINISTRACIÓN | 658.406 G37v 2004 | 50167 | 2 | Libros | |
| AREA DE ADMINISTRACIÓN | AREA DE ADMINISTRACIÓN | 658.406 G37v 2004 | 50845 | 3 | Libros | |
| AREA DE ADMINISTRACIÓN | AREA DE ADMINISTRACIÓN | 658.406 G37v 2004 | 50846 | 4 | Libros | |
| AREA DE ADMINISTRACIÓN | AREA DE ADMINISTRACIÓN | 658.406 G37v 2004 | 50847 | 5 | Libros | |
| AREA DE ADMINISTRACIÓN | AREA DE ADMINISTRACIÓN | 658.406 G37v 2004 | 50848 | 6 | Libros | |
| AREA DE ADMINISTRACIÓN | AREA DE ADMINISTRACIÓN | 658.406 G37v 2004 | 51155 | 7 | Libros | |
| AREA DE ADMINISTRACIÓN | AREA DE ADMINISTRACIÓN | 658.406 G37v 2004 | 51156 | 8 | Libros | |
| INGENIERÍA EN ADMINISTRACIÓN | INGENIERÍA EN ADMINISTRACIÓN | 658.406 G37v 2004 | 54495 | 12 | Libros | LUIS G. INCLAN |
| INGENIERÍA EN ADMINISTRACIÓN | INGENIERÍA EN ADMINISTRACIÓN | 658.406 G37v 2004 | 54496 | 13 | Libros | LUIS G. INCLAN |
| INGENIERÍA EN ADMINISTRACIÓN | INGENIERÍA EN ADMINISTRACIÓN | 658.406 G37v 2004 | 54497 | 14 | Libros | LUIS G. INCLAN |
| ÁREA DE ELECTROMECÁNICA | ÁREA DE ELECTROMECÁNICA | 658.406 G37v 2004 | 51376 | 9 | Libros | |
| ÁREA DE ELECTROMECÁNICA | ÁREA DE ELECTROMECÁNICA | 658.406 G37v 2004 | 51377 | 10 | Libros | |
| ÁREA DE ELECTROMECÁNICA | ÁREA DE ELECTROMECÁNICA | 658.406 G37v 2004 | 51378 | 11 | Libros |
